Jogadores brasileiros da historia #1 - Statistics

Estatísticas Gerais
  • Esse quiz foi jogado 118 vezes
  • A pontuação média é 10 de 20
Estatísticas das Respostas
Time atual/
Ultimo time
Resposta % Correto
Al hilal Neymar
99%
Real madrid Vinicius jr
78%
Psg Marquinhos
66%
Chelsea Thiago silva
64%
Flamengo Gabigol
63%
Real madrid Rodrygo
63%
Manchesterunited Casemiro
62%
Fluminense Marcelo
62%
Corinthians Ronaldo
59%
Manchestercity Ederson
53%
Barcelona Raphinha
52%
Liverpool Alisson
51%
Arsenal Gabriel jesus
51%
Tottenham Richarlison
51%
Al ahli Firmino
43%
Fluminense Ronaldinho
35%
Flamengo Pedro
34%
Real madrid Militao
33%
Sao paulo Ceni
13%
Corinthians Roger guedes
13%
Nenhum quiz correspondente encontrado
Distribuição das Pontuações
Porcentagem de Pessoas com Cada Pontuação
Percentil de Números Respondidos
Sua Pontuação Histórica
Você não jogou esse quiz